1814 1111 1666 1592 1895 1067 1451 1819 1222 1736 1884 1707 1571 1860 1690 1748 1570 1762 1932 1699 1012 1492 1481 1092 1575 1585 1810 1745 1753 1126 1084 1948 1734 1890 1062 1491 1355 1538 1294 1540 1458 1328 1418 1649 1676 1613 1650 1415 1269 1049 1894 1406 1524 1084 1574 1687 1750 1300 1086 1338 1725 1523 1511 1759 1242 1112 1349 1383 1462 1691 1091 1067 1392 1009 1316 1240 1298 1416 1700 1590 1984 1077 1220 1205 1928 1719 1274 1860 1154 1144 1216 1511 1147 1324 1102 1790 1617 1418 1326 BCNSPRNW ULIB Ver.6.0+V

เปลี่ยนเป็นภาษาไทย

Change to English
 แสดงรายละเอียดบรรณานุกรม
  กลับหน้าหลัก

Brief Record : Get Marc (ISO 2709) : E-mail record : QR code < ปิดหน้าต่าง
LEADER : 00000nam 2200000uu 4500
001    13399121675
003     ULIB
008    121129s2551||||th 000 0 tha d
020    ^a9789747152722
060  4 ^aWS113^bป417ก
100 0  ^aประเสริฐ ผลิตผลการพิมพ์
245 10 ^aกว่าจะถึงวัยรุ่นก็สาย...เสียแล้ว /^cประเสริฐ ผลิตผลการพิมพ์
260    ^aกรุงเทพฯ :^bรักลูก,^c2551
300    ^a127 หน้า :^bภาพประกอบ
490 1  ^aโครงการหนังสือเล่ม ;^vอันดับที่ 217
490 1  ^aชุดจิตวิทยาและการเลี้ยงดูลูกวัยรุ่น ;^vvol.3
500    ^aชื่อเรื่องจากปกนอก
650  4 ^aวัยรุ่น^xการดูแล
650  4 ^aวัยรุ่น^xการเลี้ยงดู
945    ^p145^l0^i15247
995    ^aวิภา
999 ^a ใช้งานได้ทุกระบบ
รายการนี้ยังไม่มีแท็ก
คุณยังไม่ได้ล็อกอิน คุณสามารถมีกิจกรรมร่วมกับเว็บไซต์ได้ แต่ต้องล็อกอินก่อน ::
  ล็อกอิน

รายการสื่อสารสนเทศ

ลำดับที่ ประเภท เลขเรียก/บาร์โค้ด สถานที่ สถานะ
1. วิทยาศาสตร์การแพทย์ และสุขภาพ
วิทยาศาสตร์การแพทย์ และสุขภาพ
WS113 ป417ก  
  Barcode: 15247
ห้องสมุดวิทยาเขตสวรรค์ประชารักษ์
►ส่วนจัดเก็บหนังสือเก่า สปร
บนชั้น
  ขอยืม

รายการใกล้เคียง
    ผู้แต่ง [ประเสริฐ ผลิตผลการพิมพ์]

BibComment


ยังไม่เคยถูกคอมเมนท์

คอมเมนท์ทรัพยากรรายการนี้
  คอมเมนท์: กว่าจะถึงวัยรุ่น..


 Copyright 2026. Bcnsprnw @Library